[Event "Cappelle op 24th"]
[Site "Cappelle la Grande"]
[Date "2008.02.22"]
[Round "8"]
[White "Moroz, Alexander"]
[Black "Hammer, Jon Ludvig"]
[Result "1-0"]
[WhiteElo "2512"]
[BlackElo "2441"]
[PlyCount "179"]
[EventDate "2008.02.16"]
[EventType "swiss"]
[EventRounds "9"]
[EventCountry "FRA"]
[SourceTitle "CBM 122 Extra"]
[Source "ChessBase"]
[SourceDate "2008.03.04"]
[SourceVersion "1"]
[SourceVersionDate "2008.03.04"]
[SourceQuality "1"]

1. e4 e5 2. Nf3 Nc6 3. Bb5 a6 4. Ba4 Nf6 5. 0-0 b5 6. Bb3 Bc5 7. a4 Rb8 8. c3 d6 9. d4 Bb6 10. axb5 axb5 11. Na3 0-0 12. Nxb5 Bg4 13. Be3 exd4 14. cxd4 Nxe4 15. Qc2 Qe8 16. Ba4 Bd7 17. Nc3 Nf6 18. Bb3 Nb4 19. Qd2 Be6 20. Ba4 Qc8 21. Bg5 Nfd5 22. Ra3 Bd7 23. Bb3 Bc6 24. Nxd5 Nxd5 25. Bc2 Qd7 26. Rc1 f6 27. Qd3 g6 28. Bh6 Rfe8 29. Qc4 Re7 30. h3 Kh8 31. Nh4 Bb7 32. Rg3 f5 33. Bg5 Re6 34. Nf3 Qg7 35. Bd2 Qe7 36. Ng5 Re2 37. Qd3 f4 38. Rg4 Bc8 39. Nf7+ Qxf7 40. Qxe2 Bxg4 41. hxg4 Qf6 42. Qf3 Ne7 43. d5 Bd4 44. b4 Be5 45. Be4 Rb7 46. Qd3 Qf8 47. Qa6 Qb8 48. Qa4 Ra7 49. Qb3 Kg8 50. Qc4 Qb6 51. g5 Qb8 52. Bf3 Qa8 53. Bxf4 Bxf4 54. Qxf4 Ra1 55. Kh2 Rxc1 56. Qxc1 Qa7 57. Qe1 Nf5 58. Bg4 Qb6 59. Bxf5 gxf5 60. Qe6+ Kg7 61. Qf6+ Kg8 62. g6 hxg6 63. Qxg6+ Kh8 64. Qxf5 Qxb4 65. Qc8+ Kg7 66. Qxc7+ Kf6 67. Qd8+ Kf7 68. Qd7+ Kf8 69. Qf5+ Ke7 70. Qg5+ Kd7 71. Qf5+ Kc7 72. g4 Kb6 73. Kg2 Qd4 74. g5 Kb5 75. g6 Kc5 76. Kg3 Qc3+ 77. Kg4 Qd4+ 78. Kg5 Qg7 79. f4 Qb2 80. Qe6 Qa1 81. f5 Qb2 82. Qe4 Qd2+ 83. Kf6 Qb2+ 84. Kf7 Qb7+ 85. Kg8 Qb8+ 86. Kh7 Qa7+ 87. g7 Qf7 88. Qe6 Qh5+ 89. Kg8 Kd4 90. Kf8 1-0

[Event "Cappelle op 24th"]
[Site "Cappelle la Grande"]
[Date "2008.02.20"]
[Round "6"]
[White "Moroz, Alexander"]
[Black "Cieza Vega, Arcadio"]
[Result "1-0"]
[WhiteElo "2512"]
[BlackElo "2294"]
[PlyCount "129"]
[EventDate "2008.02.16"]
[EventType "swiss"]
[EventRounds "9"]
[EventCountry "FRA"]
[SourceTitle "CBM 122 Extra"]
[Source "ChessBase"]
[SourceDate "2008.03.04"]
[SourceVersion "1"]
[SourceVersionDate "2008.03.04"]
[SourceQuality "1"]

1. e4 g6 2. d4 Bg7 3. Nc3 c5 4. Nf3 cxd4 5. Nxd4 Nc6 6. Nb3 Nf6 7. Be2 0-0 8. 0-0 d6 9. Bg5 Be6 10. Kh1 a6 11. f4 b5 12. Bf3 Rc8 13. Nd5 Ne8 14. c3 a5 15. a3 a4 16. Nc1 f6 17. Bh4 Na5 18. Nd3 Nc4 19. Qe2 Bf7 20. Rad1 Nc7 21. N3b4 Nxd5 22. Nxd5 e6 23. Ne3 Qb6 24. Bf2 Qb8 25. Nxc4 bxc4 26. Rd2 Rfd8 27. Rfd1 Bh6 28. Be3 Bf8 29. g4 e5 30. f5 g5 31. Qf2 Rd7 32. h4 h6 33. Kg2 Rb7 34. Rh1 Qc7 35. Rh2 Rcb8 36. Kh1 Be8 37. Qf1 Bf7 38. Qh3 Bg7 39. Rdf2 Qc6 40. Rd2 Rb5 41. Rhf2 R8b7 42. Qf1 Bf8 43. Kg1 Rb8 44. Qh3 d5 45. hxg5 dxe4 46. Bd1 hxg5 47. Bxa4 Bc5 48. Bxb5 Qxb5 49. Rh2 Kf8 50. Kf1 Ke7 51. Rhe2 Qb6 52. Bxc5+ Qxc5 53. Qe3 Qc7 54. Qxe4 Rh8 55. Rh2 Rh4 56. Rxh4 gxh4 57. Kg2 Be8 58. Kh3 Bc6 59. Qe3 Be8 60. Kxh4 Qc6 61. Kg3 Bf7 62. Qa7+ Kf8 63. Rd8+ Be8 64. Qa8 Qb5 65. a4 1-0

[Event "Cappelle op 24th"]
[Site "Cappelle la Grande"]
[Date "2008.02.19"]
[Round "5"]
[White "Lubbe, Melanie"]
[Black "Moroz, Alexander"]
[Result "0-1"]
[WhiteElo "2267"]
[BlackElo "2512"]
[PlyCount "98"]
[EventDate "2008.02.16"]
[EventType "swiss"]
[EventRounds "9"]
[EventCountry "FRA"]
[SourceTitle "CBM 122 Extra"]
[Source "ChessBase"]
[SourceDate "2008.03.04"]
[SourceVersion "1"]
[SourceVersionDate "2008.03.04"]
[SourceQuality "1"]

1. e4 c5 2. Nf3 e6 3. d4 cxd4 4. Nxd4 a6 5. Nc3 Qc7 6. Bd3 Nf6 7. 0-0 Bc5 8. Nb3 Be7 9. Qe2 d6 10. Kh1 Nbd7 11. f4 b6 12. Bd2 Bb7 13. Rae1 e5 14. f5 0-0 15. Bg5 Rfe8 16. a4 h6 17. Be3 Bf8 18. Bf2 d5 19. exd5 Bb4 20. Be4 Nxe4 21. Qxe4 Bxc3 22. bxc3 Nf6 23. d6 Qd7 24. Qd3 Qxa4 25. Rg1 Qc6 26. Nd2 Ng4 27. Bh4 e4 28. Qg3 h5 29. h3 Nh6 30. Qf4 Qd5 31. f6 Nf5 32. Qg5 g6 33. Ref1 Kh7 34. Rd1 Nxd6 35. Nxe4 Nxe4 36. Qxd5 Bxd5 37. Rxd5 Re6 38. Rd7 g5 39. Be1 Kg6 40. Rf1 a5 41. Kg1 a4 42. Bf2 Nxf2 43. Rxf2 Re1+ 44. Rf1 Rxf1+ 45. Kxf1 a3 46. Rd1 a2 47. Ra1 Kxf6 48. Kf2 Ke5 49. Ke3 f5 0-1

[Event "Cappelle op 24th"]
[Site "Cappelle la Grande"]
[Date "2008.02.18"]
[Round "4"]
[White "Moroz, Alexander"]
[Black "Zeberski, Jakub"]
[Result "0-1"]
[WhiteElo "2512"]
[BlackElo "2398"]
[PlyCount "70"]
[EventDate "2008.02.16"]
[EventType "swiss"]
[EventRounds "9"]
[EventCountry "FRA"]
[SourceTitle "CBM 122 Extra"]
[Source "ChessBase"]
[SourceDate "2008.03.04"]
[SourceVersion "1"]
[SourceVersionDate "2008.03.04"]
[SourceQuality "1"]

1. e4 e5 2. Nf3 Nc6 3. Bb5 a6 4. Ba4 Nf6 5. 0-0 Be7 6. Re1 b5 7. Bb3 d6 8. a4 Bg4 9. c3 0-0 10. h3 Bh5 11. d3 Na5 12. Bc2 c5 13. Nbd2 Qc7 14. Nf1 h6 15. g4 Bg6 16. Ng3 Rfe8 17. Nh4 Nh7 18. Nhf5 Bg5 19. Be3 Bxf5 20. gxf5 b4 21. Kh2 Rab8 22. Rg1 b3 23. Bb1 Bxe3 24. fxe3 Qe7 25. Nf1 Kh8 26. Nd2 g6 27. Ra3 gxf5 28. Nxb3 Rg8 29. Bc2 Qh4 30. Qe1 Ng5 31. Qg3 f4 32. exf4 exf4 33. Qg2 Nxh3 34. Qxh3 Qxh3+ 35. Kxh3 Rxg1 0-1

[Event "Alushta Summer 3rd"]
[Site "Alushta"]
[Date "2006.06.24"]
[Round "9"]
[White "Akshayraj, Kore"]
[Black "Moroz, Alexander"]
[Result "0-1"]
[WhiteElo "2380"]
[BlackElo "2505"]
[PlyCount "90"]
[EventDate "2006.06.16"]
[EventType "tourn"]
[EventRounds "9"]
[EventCountry "UKR"]
[EventCategory "8"]
[SourceTitle "CBM 112 Extra"]
[Source "ChessBase"]
[SourceDate "2006.07.14"]
[SourceVersion "1"]
[SourceVersionDate "2006.07.14"]
[SourceQuality "1"]

1. e4 c5 2. Nf3 e6 3. d4 cxd4 4. Nxd4 a6 5. Bd3 Qb6 6. Nb3 Qc7 7. 0-0 Nf6 8. c4 d6 9. Nc3 Nbd7 10. f4 b6 11. Qf3 Bb7 12. Be3 g6 13. Qh3 Bg7 14. f5 exf5 15. exf5 0-0 16. Bg5 Rfe8 17. Rf2 d5 18. cxd5 Nxd5 19. Ne4 Ne5 20. fxg6 hxg6 21. Rc1 Qb8 22. Be2 f5 23. Nc3 Nxc3 24. bxc3 Bd5 25. Rd1 Qb7 26. Qg3 Rac8 27. Nd4 b5 28. h4 Ng4 29. Bxg4 fxg4 30. Qxg4 Re4 31. Bf4 Rf8 32. Qg3 Kh7 33. Nf3 Ra4 34. h5 gxh5 35. Qg5 Bxf3 36. Rxf3 Raxf4 37. Rxf4 Bh6 38. Qxh6+ Kxh6 39. Rxf8 Qe7 40. Rf3 Qa3 41. Rf2 Qxc3 42. Rd6+ Kg5 43. Rxa6 Qa1+ 44. Kh2 Qe5+ 45. g3 h4 0-1

[Event "Alushta Summer 3rd"]
[Site "Alushta"]
[Date "2006.06.22"]
[Round "7"]
[White "Moroz, Alexander"]
[Black "Sergeev, A."]
[Result "1-0"]
[WhiteElo "2505"]
[BlackElo "2379"]
[PlyCount "81"]
[EventDate "2006.06.16"]
[EventType "tourn"]
[EventRounds "9"]
[EventCountry "UKR"]
[EventCategory "8"]
[SourceTitle "CBM 112 Extra"]
[Source "ChessBase"]
[SourceDate "2006.07.14"]
[SourceVersion "1"]
[SourceVersionDate "2006.07.14"]
[SourceQuality "1"]

1. e4 e5 2. Nf3 Nf6 3. Nxe5 d6 4. Nf3 Nxe4 5. d4 d5 6. Bd3 Nc6 7. 0-0 Be7 8. c4 Nf6 9. cxd5 Nxd5 10. Nc3 Be6 11. a3 a6 12. Bc2 Qd7 13. Ba4 Nxc3 14. bxc3 b5 15. Bc2 Rd8 16. Ng5 Bf5 17. Qf3 Be6 18. Nxe6 Qxe6 19. Bf4 Qd7 20. Be4 Na5 21. Qg3 0-0 22. Bxc7 Nb3 23. Bxd8 Rxd8 24. Ra2 Bd6 25. Qf3 g6 26. g3 Rc8 27. Bb7 Rb8 28. Bc6 Qc7 29. Re1 Na5 30. Bd5 Kg7 31. h4 h5 32. a4 b4 33. cxb4 Rxb4 34. Rae2 f5 35. Re8 Bf8 36. Qe3 Qd6 37. Ba2 Rxa4 38. Re6 Qd8 39. Qe5+ Kh7 40. Re8 Qd6 41. Bg8+ 1-0

[Event "Alushta Summer 3rd"]
[Site "Alushta"]
[Date "2006.06.21"]
[Round "6"]
[White "Tukhaev, Adam"]
[Black "Moroz, Alexander"]
[Result "0-1"]
[WhiteElo "2466"]
[BlackElo "2505"]
[PlyCount "250"]
[EventDate "2006.06.16"]
[EventType "tourn"]
[EventRounds "9"]
[EventCountry "UKR"]
[EventCategory "8"]
[SourceTitle "CBM 112 Extra"]
[Source "ChessBase"]
[SourceDate "2006.07.14"]
[SourceVersion "1"]
[SourceVersionDate "2006.07.14"]
[SourceQuality "1"]

1. e4 c5 2. Nf3 e6 3. d4 cxd4 4. Nxd4 a6 5. Bd3 Qb6 6. Nb3 Qc7 7. 0-0 Nf6 8. N1d2 d6 9. a4 b6 10. Nc4 Nbd7 11. Be3 Bb7 12. a5 b5 13. Nb6 Rd8 14. Nxd7 Rxd7 15. Bb6 Qc8 16. f3 Be7 17. Qe2 0-0 18. c3 Qa8 19. Nd4 Bd8 20. Nc2 Re7 21. Nb4 Nd7 22. Bxd8 Rxd8 23. c4 Qa7+ 24. Kh1 Qc5 25. Nxa6 Bxa6 26. cxb5 Bb7 27. Rfc1 Qg5 28. b4 d5 29. Rc7 dxe4 30. Rxb7 exd3 31. Qxd3 Rc8 32. Rd1 Nf8 33. f4 Qf6 34. Rxe7 Qxe7 35. Qd4 e5 36. fxe5 Ne6 37. Qd6 Rd8 38. b6 Rxd6 39. exd6 Qb7 40. d7 Nd8 41. Re1 Qxd7 42. a6 Kf8 43. a7 Qa4 44. b5 Ne6 45. h3 Ke7 46. Rc1 Kd7 47. Rc4 Qa1+ 48. Kh2 f5 49. Rc1 Qa4 50. Rd1+ Kc8 51. Re1 Kd7 52. Rd1+ Ke7 53. Rd2 Nc5 54. Re2+ Ne4 55. Rc2 Nd6 56. Rc7+ Kf6 57. Rc6 Ke5 58. Rc8 Nxc8 59. b7 Nxa7 60. b8Q+ Kd5 61. b6 Nc6 62. Qg8+ Kc5 63. Qxg7 Kxb6 64. Qxh7 Qf4+ 65. Kh1 Kc5 66. Qd7 Qe4 67. Qd2 Nb4 68. Kh2 Nd5 69. Qa5+ Kd4 70. Qd2+ Ke5 71. Qb2+ Ke6 72. Qa2 Kf6 73. Qa6+ Qe6 74. Qa8 Kg6 75. Qb8 Nf6 76. Qg3+ Kf7 77. Qc7+ Qd7 78. Qf4 Nd5 79. Qh4 Qd6+ 80. Kh1 Nf6 81. Qc4+ Kg6 82. Qb3 Qd5 83. Qg3+ Kf7 84. Qc7+ Nd7 85. Qf4 Qe4 86. Qc1 Kg6 87. Kh2 Nf6 88. Qc7 Qe3 89. Qd6 f4 90. Qc6 Qe5 91. Kh1 Kg5 92. Qa8 Qd5 93. Qf8 Nh5 94. Qe7+ Nf6 95. Qf8 Kf5 96. Qc8+ Nd7 97. Kh2 Ke4 98. Qc2+ Qd3 99. Qc6+ Kf5 100. Qc8 Qd6 101. Kh1 Qe6 102. Qc2+ Kg5 103. Qc8 Qe1+ 104. Kh2 Nf6 105. Qd8 Qg3+ 106. Kh1 Qe1+ 107. Kh2 Qe5 108. Kh1 Kg6 109. Qc8 Ne4 110. Qg8+ Kf6 111. Qf8+ Ke6 112. Qe8+ Kd5 113. Qb5+ Kd4 114. Qb2+ Nc3 115. Qd2+ Kc4 116. Qd7 Kb3 117. Qd3 Qe3 118. Qf5 Kb2 119. Qg5 Kc2 120. Qa5 Kd2 121. Qa3 Ke1 122. Qa1+ Kf2 123. Qg1+ Kg3 124. Qa1 f3 125. Qf1 f2 0-1

[Event "Alushta Summer 3rd"]
[Site "Alushta"]
[Date "2006.06.19"]
[Round "4"]
[White "Belikov, Vladimir"]
[Black "Moroz, Alexander"]
[Result "1-0"]
[WhiteElo "2552"]
[BlackElo "2505"]
[PlyCount "71"]
[EventDate "2006.06.16"]
[EventType "tourn"]
[EventRounds "9"]
[EventCountry "UKR"]
[EventCategory "8"]
[SourceTitle "CBM 112 Extra"]
[Source "ChessBase"]
[SourceDate "2006.07.14"]
[SourceVersion "1"]
[SourceVersionDate "2006.07.14"]
[SourceQuality "1"]

1. e4 c5 2. Nf3 Nc6 3. Nc3 e5 4. Bc4 Be7 5. d3 Nf6 6. Ng5 0-0 7. f4 exf4 8. Bxf4 d5 9. exd5 Nb4 10. 0-0 Bg4 11. Qd2 Nbxd5 12. Rae1 Nxf4 13. Nxf7 Rxf7 14. Qxf4 Bh5 15. g4 Bd6 16. Qf3 Kh8 17. gxh5 Re7 18. h6 Be5 19. Kh1 Bd4 20. Ne2 Bxb2 21. Nf4 gxh6 22. Rb1 Be5 23. Rxb7 Rb8 24. Ne6 Qd6 25. Rxb8+ Qxb8 26. Nxc5 h5 27. Ne6 Ng8 28. d4 Bf6 29. Rg1 Bh4 30. Nd8 Qxd8 31. Rxg8+ Qxg8 32. Bxg8 Kxg8 33. d5 Bg5 34. d6 Re1+ 35. Kg2 h6 36. d7 1-0

[Event "Cappelle op 22nd"]
[Site "Cappelle la Grande"]
[Date "2006.02.20"]
[Round "4"]
[White "Kernazhitsky, Leonid"]
[Black "Moroz, Alexander"]
[Result "1/2-1/2"]
[WhiteElo "2355"]
[BlackElo "2506"]
[PlyCount "103"]
[EventDate "2006.02.18"]
[EventType "swiss"]
[EventRounds "10"]
[EventCountry "FRA"]
[SourceTitle "CBM 110 Extra"]
[Source "ChessBase"]
[SourceDate "2006.03.10"]
[SourceVersion "2"]
[SourceVersionDate "2006.03.10"]
[SourceQuality "1"]

1. e4 c5 2. Nf3 Nc6 3. d4 cxd4 4. Nxd4 e5 5. Nb5 d6 6. a4 Be6 7. N1c3 a6 8. Na3 Rc8 9. Bc4 Nf6 10. 0-0 Nd4 11. b3 Bxc4 12. bxc4 Qa5 13. Bd2 Be7 14. Nd5 Qd8 15. Rb1 Nxe4 16. Rxb7 Bf6 17. Bb4 0-0 18. Qg4 Nc5 19. Bxc5 Rxc5 20. Rd7 h5 21. Qh3 Qc8 22. Re1 Rxd5 23. cxd5 Qc5 24. c3 Qxa3 25. cxd4 Qxa4 26. dxe5 Bxe5 27. Rb7 h4 28. Reb1 Qe4 29. Qf3 Qxf3 30. gxf3 g5 31. h3 Kg7 32. Ra7 Rc8 33. Rxa6 Rc3 34. Kg2 Rc2 35. Ra4 Rd2 36. Rg4 Kg6 37. Rb8 f6 38. Rbb4 f5 39. Rgc4 Bg3 40. Rb3 Bxf2 41. Rc8 Bc5+ 42. Kh1 Rxd5 43. Rb2 Rd1+ 44. Kh2 Bd4 45. Re2 Be5+ 46. Kg2 Kf7 47. Rc7+ Kf6 48. Rc8 Rd3 49. Rf8+ Kg6 50. Rg8+ Kf6 51. Rf8+ Kg6 52. Rg8+ 1/2-1/2

[Event "Pardubice op-C"]
[Site "Pardubice"]
[Date "2005.07.??"]
[Round "3"]
[White "Trefny, Vlastimil"]
[Black "Moroz, Alexander"]
[Result "0-1"]
[WhiteElo "2259"]
[BlackElo "2487"]
[PlyCount "33"]
[EventDate "2005.07.??"]
[EventType "swiss"]
[EventRounds "7"]
[EventCountry "CZE"]
[SourceTitle "EXT 2006"]
[Source "ChessBase"]
[SourceDate "2005.11.24"]
[SourceVersion "1"]
[SourceVersionDate "2005.11.24"]
[SourceQuality "1"]

1. e4 c5 2. Nf3 Nc6 3. d4 cxd4 4. Nxd4 e5 5. Nb5 d6 6. Bc4 a6 7. N5c3 Nf6 8. 0-0 Be7 9. a4 Be6 10. Bd5 Bxd5 11. exd5 Nd4 12. Be3 Nf5 13. Bg5 Nxd5 14. Qxd5 Bxg5 15. f4 Qb6+ 16. Rf2 Bxf4 17. Kf1 0-1

[Event "Pardubice op-C"]
[Site "Pardubice"]
[Date "2005.07.??"]
[Round "6"]
[White "Znamenacek, Kvetoslav"]
[Black "Moroz, Alexander"]
[Result "0-1"]
[WhiteElo "2260"]
[BlackElo "2487"]
[PlyCount "76"]
[EventDate "2005.07.??"]
[EventType "swiss"]
[EventRounds "7"]
[EventCountry "CZE"]
[SourceTitle "EXT 2006"]
[Source "ChessBase"]
[SourceDate "2005.11.24"]
[SourceVersion "1"]
[SourceVersionDate "2005.11.24"]
[SourceQuality "1"]

1. c4 e6 2. Nf3 d5 3. b3 Nf6 4. g3 Be7 5. Bg2 0-0 6. 0-0 c5 7. e3 Nc6 8. Bb2 d4 9. exd4 cxd4 10. Re1 Ne8 11. a3 a5 12. Ne5 Nxe5 13. Rxe5 f6 14. Rh5 g6 15. Rh4 e5 16. Qe2 Ng7 17. d3 Rb8 18. Nd2 b5 19. Bd5+ Kh8 20. Re1 Nf5 21. Re4 Bd6 22. Nf3 bxc4 23. dxc4 Rxb3 24. c5 Rxb2 25. Qxb2 Bxc5 26. Ba2 Qd6 27. g4 Bxa3 28. Qb3 Ng7 29. Nd2 Bb4 30. Nc4 Qd7 31. R1e2 Ne6 32. Qg3 Nf4 33. Nxe5 Nxe2+ 34. Rxe2 Qb5 35. Bc4 Qc5 36. Nf7+ Kg7 37. Qh4 Qxc4 38. Qh6+ Kg8 0-1

[Event "Alushta Autumn 4th"]
[Site "Alushta"]
[Date "2004.10.??"]
[Round "1"]
[White "Moroz, Alexander"]
[Black "Paragua, Mark"]
[Result "1-0"]
[WhiteElo "2498"]
[BlackElo "2534"]
[PlyCount "79"]
[EventDate "2004.10.??"]
[EventType "tourn"]
[EventRounds "13"]
[EventCountry "UKR"]
[EventCategory "8"]
[SourceTitle "CBM 102 Extra"]
[Source "ChessBase"]
[SourceDate "2004.11.03"]
[SourceVersion "1"]
[SourceVersionDate "2004.11.03"]
[SourceQuality "1"]

1. e4 c5 2. Nf3 e6 3. d4 cxd4 4. Nxd4 a6 5. Nc3 b5 6. Bd3 Qb6 7. Nb3 Qc7 8. a4 b4 9. Ne2 Bb7 10. Bf4 d6 11. c3 bxc3 12. Nxc3 Nf6 13. 0-0 Be7 14. Rc1 Nc6 15. Bb1 Qb8 16. a5 0-0 17. Na4 Nd7 18. Qd2 Rd8 19. Rfd1 Nce5 20. Nd4 d5 21. Qe3 Bd6 22. Ne2 dxe4 23. Bxe4 Bxe4 24. Qxe4 Nf6 25. Qd4 Bc7 26. Qc5 Rd5 27. Rxd5 Nxd5 28. Bg3 Bd6 29. Qd4 f6 30. Nb6 Nxb6 31. axb6 Qf8 32. b7 Rb8 33. Rc8 Rxc8 34. bxc8Q Qxc8 35. Qxd6 Qc2 36. Qxe6+ Kf8 37. Qd6+ Kf7 38. Qd5+ Ke7 39. Nc3 Qc1+ 40. Nd1 1-0

[Event "Pardubice opB"]
[Site "Pardubice"]
[Date "2004.??.??"]
[Round "7"]
[White "Arzumanian, Georgy"]
[Black "Moroz, Alexander"]
[Result "1/2-1/2"]
[WhiteElo "2433"]
[BlackElo "2498"]
[PlyCount "23"]
[EventDate "2004.07.??"]
[EventType "swiss"]
[EventRounds "7"]
[EventCountry "CZE"]
[SourceTitle "EXT 2005"]
[Source "ChessBase"]
[SourceDate "2004.11.15"]
[SourceVersion "1"]
[SourceVersionDate "2004.11.15"]
[SourceQuality "1"]

1. e4 e6 2. d4 d5 3. Nd2 c5 4. exd5 exd5 5. Bb5+ Nc6 6. Ngf3 Bd6 7. dxc5 Bxc5 8. 0-0 Nge7 9. c4 0-0 10. Nb3 Bb6 11. Bxc6 bxc6 12. c5 1/2-1/2

[Event "Pardubice opB"]
[Site "Pardubice"]
[Date "2004.??.??"]
[Round "4"]
[White "Moroz, Alexander"]
[Black "Hoffmann, Matej"]
[Result "1-0"]
[WhiteElo "2498"]
[BlackElo "2089"]
[PlyCount "61"]
[EventDate "2004.07.??"]
[EventType "swiss"]
[EventRounds "7"]
[EventCountry "CZE"]
[SourceTitle "EXT 2005"]
[Source "ChessBase"]
[SourceDate "2004.11.15"]
[SourceVersion "1"]
[SourceVersionDate "2004.11.15"]
[SourceQuality "1"]

1. e4 c5 2. Nf3 d6 3. d4 cxd4 4. Nxd4 Nf6 5. Nc3 g6 6. Be2 Bg7 7. 0-0 0-0 8. Bg5 Nc6 9. Nb3 Be6 10. Kh1 Rc8 11. f4 a6 12. Bf3 Qc7 13. Nd5 Bxd5 14. exd5 Na5 15. Nxa5 Qxa5 16. c3 b5 17. a3 Rc4 18. Qd2 Rfc8 19. Rae1 Qc7 20. Bh4 Bh6 21. Bd1 Bg7 22. Bb3 Re4 23. Rd1 Qa7 24. Bf2 Qb7 25. Bd4 Ng4 26. Bc2 Rxd4 27. cxd4 Qxd5 28. Bb1 Qh5 29. h3 Rc4 30. Qe2 f5 31. Ba2 1-0

[Event "Pardubice opB"]
[Site "Pardubice"]
[Date "2004.??.??"]
[Round "3"]
[White "Stehno, Pavel"]
[Black "Moroz, Alexander"]
[Result "1/2-1/2"]
[WhiteElo "2344"]
[BlackElo "2498"]
[PlyCount "128"]
[EventDate "2004.07.??"]
[EventType "swiss"]
[EventRounds "7"]
[EventCountry "CZE"]
[SourceTitle "EXT 2005"]
[Source "ChessBase"]
[SourceDate "2004.11.15"]
[SourceVersion "1"]
[SourceVersionDate "2004.11.15"]
[SourceQuality "1"]

1. e4 c5 2. Nf3 Nc6 3. d4 cxd4 4. Nxd4 e5 5. Nb5 d6 6. N1c3 a6 7. Na3 b5 8. Nd5 Be7 9. c4 b4 10. Nc2 Rb8 11. b3 Nf6 12. Nxf6+ Bxf6 13. g3 0-0 14. Bg2 Bg5 15. Bb2 Qc7 16. 0-0 f5 17. exf5 Bxf5 18. Qe2 Kh8 19. Ne3 Bg6 20. Nd5 Qa7 21. Be4 Bxe4 22. Qxe4 Ne7 23. Nxe7 Bxe7 24. Kg2 a5 25. Rad1 a4 26. Rd5 Rf7 27. c5 dxc5 28. Rxe5 axb3 29. axb3 Bf6 30. Re8+ Rf8 31. Rxf8+ Rxf8 32. Bxf6 gxf6 33. Rc1 Rc8 34. Qf5 Qb7+ 35. f3 Qc6 36. Rc4 Rd8 37. Rxc5 Qd6 38. Rc4 Re8 39. Rh4 Re2+ 40. Kh3 Qe7 41. Qc8+ Kg7 42. Rg4+ Kh6 43. Qc1+ Qe3 44. Qxe3+ Rxe3 45. Rxb4 Rxf3 46. Kg2 Rc3 47. Rh4+ Kg5 48. b4 h5 49. Kf2 f5 50. Ke2 f4 51. Rxf4 Rc2+ 52. Ke3 Rxh2 53. Rf2 Rh1 54. Rf4 Rb1 55. Kf2 Rb2+ 56. Kf3 Rb3+ 57. Kg2 Rb2+ 58. Kh3 Rb1 59. Rc4 Rh1+ 60. Kg2 Rb1 61. Kh2 Kf5 62. Rd4 Kg5 63. Kh3 Rh1+ 64. Kg2 Rb1 1/2-1/2

[Event "UKR-ch"]
[Site "Simferopol"]
[Date "2003.11.12"]
[Round "9"]
[White "Moroz, Alexander"]
[Black "Tarlev, Konstantin"]
[Result "1/2-1/2"]
[WhiteElo "2522"]
[BlackElo "2341"]
[PlyCount "108"]
[EventDate "2003.11.04"]
[EventType "swiss"]
[EventRounds "9"]
[EventCountry "UKR"]
[SourceTitle "CBM 097 Extra"]
[Source "ChessBase"]
[SourceDate "2004.01.13"]
[SourceVersion "1"]
[SourceVersionDate "2004.01.13"]
[SourceQuality "1"]

1. e4 a6 2. d4 b5 3. Bd3 e6 4. Nf3 Bb7 5. 0-0 c5 6. c3 Nf6 7. Qe2 d6 8. Bg5 Be7 9. Nbd2 h6 10. Bh4 Nbd7 11. Rad1 0-0 12. e5 dxe5 13. dxe5 Nd5 14. Qe4 g6 15. Bxe7 Qxe7 16. Qg4 c4 17. Bc2 Nc5 18. h4 h5 19. Qg3 Qc7 20. Ng5 Ne7 21. Ndf3 Bxf3 22. Nxf3 Nf5 23. Qf4 Rfd8 24. Nd4 Rd7 25. Rfe1 Rad8 26. Bxf5 exf5 27. Qh6 Re8 28. e6 Nxe6 29. Rd2 Rde7 30. Nxe6 Rxe6 31. Rxe6 Rxe6 32. g3 Re8 33. a3 Qc6 34. Kh2 Qa8 35. Rd6 Qb7 36. Qd2 Qf3 37. Rd8 Rxd8 38. Qxd8+ Kh7 39. Qd4 Qe4 40. Qa7 Qe6 41. Qd4 Kg8 42. Qd8+ Kg7 43. Qd4+ Qf6 44. Qf4 Kh7 45. Kg1 Qe7 46. Qd4 Qe1+ 47. Kh2 Qe2 48. Kg1 Qxb2 49. Qf6 Qc1+ 50. Kg2 Qh6 51. Qxa6 Qg7 52. Qxb5 Qxc3 53. Qd5 Qxa3 54. Qxf7+ Kh6 1/2-1/2

[Event "Alushta Summer 2nd"]
[Site "Alushta"]
[Date "2003.??.??"]
[Round "?"]
[White "Bets, Anatolij"]
[Black "Moroz, Alexander"]
[Result "1/2-1/2"]
[WhiteElo "2357"]
[BlackElo "2519"]
[PlyCount "41"]
[EventDate "2003.06.16"]
[EventType "tourn"]
[EventRounds "14"]
[EventCountry "UKR"]
[EventCategory "8"]
[SourceTitle "EXT 2005"]
[Source "ChessBase"]
[SourceDate "2004.11.15"]
[SourceVersion "1"]
[SourceVersionDate "2004.11.15"]
[SourceQuality "1"]

1. d4 d5 2. c4 e6 3. Nc3 c6 4. cxd5 exd5 5. Bf4 Bd6 6. Bg3 Ne7 7. e3 Nf5 8. Bd3 Nxg3 9. hxg3 Nd7 10. Qc2 Nf6 11. Nge2 Bd7 12. 0-0-0 h6 13. Bf5 Bxf5 14. Qxf5 Qd7 15. Qc2 0-0-0 16. Nf4 Kb8 17. Nh5 Nxh5 18. Rxh5 g6 19. Rhh1 h5 20. Kb1 f5 21. Ne2 1/2-1/2

[Event "Czechia op"]
[Site "Czech Republic"]
[Date "2003.??.??"]
[Round "4.1"]
[White "Biolek, Richard"]
[Black "Moroz, Alexander"]
[Result "1/2-1/2"]
[WhiteElo "2426"]
[BlackElo "2519"]
[PlyCount "74"]
[EventDate "2003.??.??"]
[EventType "swiss"]
[EventRounds "4"]
[EventCountry "CZE"]
[SourceTitle "EXT 2005"]
[Source "ChessBase"]
[SourceDate "2004.11.15"]
[SourceVersion "1"]
[SourceVersionDate "2004.11.15"]
[SourceQuality "1"]

1. e4 c5 2. Nf3 Nc6 3. Nc3 e5 4. Bc4 Be7 5. d3 Nf6 6. Nd2 d6 7. Nf1 Bg4 8. f3 Be6 9. Ne3 0-0 10. 0-0 Ne8 11. Kh1 Bg5 12. g3 Bxe3 13. Bxe3 Nc7 14. Qd2 b6 15. Nd5 Ne7 16. Nxc7 Qxc7 17. Bxe6 fxe6 18. f4 d5 19. Qg2 Rad8 20. Rad1 Rf6 21. fxe5 Qxe5 22. Bf4 Qh5 23. exd5 exd5 24. Rde1 Ng6 25. g4 Nxf4 26. Rxf4 Qg5 27. Rxf6 Qxf6 28. c3 h6 29. Kg1 Qg5 30. h3 Rf8 31. Qe2 Kh7 32. Kg2 Qf6 33. Qe3 Rf7 34. Qe2 Qf4 35. Qe3 Qf6 36. Qe2 Qf4 37. Qe3 Qf6 1/2-1/2